000 00472nam a22001937a 4500
003 MPLRDC
005 20220104124128.0
008 210129b ||||| |||| 00| 0 eng d
020 _a7-80679-823-4
082 _a857.61 SX
100 _a四喜 等
245 _a亲爱的小孩
_c
250 _a一版一刷
260 _a中国
_b接力出版社
_c2005
300 _b287
490 _a萌芽书系
650 _a中国文学--短篇小说
942 _cBK
_o857.61 SX
999 _c16870
_d16860